000 01348cad a22002415a 4500
001 L150143
008 100318s2010 xxkd f s 000 0 eng d
035 _a(Sirsi) u150143
041 0 _aeng
050 0 4 _a333.33 $2 18
110 2 _aColliers CRE
_95075
245 0 0 _aProperty Snapshot
_b April 2010
_h[electronic resource]
260 _aLondon
_bColliers
_c2010
490 0 _aProperty Snapshot
_vApril 2010
520 _aFinancial sector continues to restrain economic recovery. Interest in prime stock remains strong but stock shortage is evident. Leasing markets may be firming slightly but remain exposed to retail trading weakness especially outside London. City Grade A office demand is strong. Moderate expectations of performance in the industrial and logistics sector confirmed. Developers in the residential sector are acquisitive with suitable sites difficult to source.
590 _aKA
650 2 4 _aCOLLIERS PROPERTY SNAPSHOT
651 4 _aUnited Kingdom
_y
690 _aPROPERTY-COMMERCIAL PROPERTY-COMMERCIAL PROPERTY MARKET
690 _aPROPERTY-COMMERCIAL PROPERTY-COMMERCIAL PROPERTY FINANCE AND INVESTMENT
856 4 0 _uhttps://www.colliers.com/Markets/UK/content/MarketReports/MarketOverviewReports/Property_Snapshot_April_2010.pdf
_zView this report free of charge (PDF file) at www.colliers.com...
942 _n0
999 _c110751
_d110751